Nuevo consultorio de la Quinta de Salud 'La Alianza' / Federico Puig y Bosch
Publicado:
San Jorge, núm. 84 (4t trimestre 1971), pàg 137 :
MARC
| LEADER | 00000nam a2200000Ia 4500 | ||
|---|---|---|---|
| 001 | |||
| 008 | 160829s9999 xx 000 0 cat d | ||
| 100 | |a Puig y Bosch, Federico |9 29570 | ||
| 245 | |a Nuevo consultorio de la Quinta de Salud 'La Alianza' / Federico Puig y Bosch | ||
| 260 | |a San Jorge, núm. 84 (4t trimestre 1971), pàg 137 | ||
| 650 | |a Equipaments sanitaris |x Arenys de Mar |9 41580 | ||
| 650 | |a Quinta de Salut l'Aliança |9 41099 | ||
| 901 | |a Arxiu | ||
| 942 | |n 1 | ||
| 952 | |0 0 |1 0 |4 0 |7 1 |9 50294 |a Arxiu |b Arxiu |d 2016-12-01 |l 0 |r 2016-12-01 00:00:00 |w 2016-12-01 |y ARXIU | ||
| 999 | |c 54136 |d 54136 | ||